[Event "31st WCh U20 Girls"]
[Site "Kocaeli TUR"]
[Date "2013.09.16"]
[Round "4.1"]
[White "Goryachkina, Alexandra"]
[Black "Zhai Mo"]
[Result "1/2-1/2"]
[WhiteElo "2418"]
[BlackElo "2309"]
[EventDate "2013.09.13"]
[PlyCount "143"]

1.d4 Nf6 2.c4 e6 3.Nf3 d5 4.Nc3 Bb4 5.Bg5 h6 6.Bxf6 Qxf6 7.Qa4+ Nc6 8.e3 
O-O 9.Be2 Bd7 10.Qc2 dxc4 11.O-O Bd6 12.Bxc4 e5 13.Nd5 Qd8 14.dxe5 Nxe5 
15.Nxe5 Bxe5 16.Rad1 c6 17.Nf4 Bxf4 18.exf4 Qc8 19.Rfe1 Bf5 20.Qc3 Re8 21.
Re5 Rxe5 22.Qxe5 Bg6 23.h3 h5 24.Qe7 b5 25.Bb3 Qf5 26.Qb7 Rf8 27.Qxc6 Kh7 
28.Qd5 Qxf4 29.Qxb5 Rb8 30.Qc5 Rb7 31.Qd6 Qg5 32.Qd5 Qe7 33.Qd2 Qe5 34.Re1
Qb5 35.Qc3 Qb6 36.Qe3 Qb4 37.Rd1 Re7 38.Qd2 Qe4 39.Bd5 Qe5 40.Bf3 Qf6 41.
b4 Qb6 42.a4 Re5 43.Re1 Rxe1+ 44.Qxe1 Qd4 45.a5 h4 46.b5 Qb2 47.Bc6 Bd3 
48.Qd1 Be2 49.Qa4 g5 50.Qe4+ Kg7 51.Qf5 Qd2 52.Qe5+ Kh7 53.Qe3 Qd1+ 54.Kh2
Kg6 55.Qe4+ Kf6 56.b6 Qd6+ 57.g3 axb6 58.axb6 Ba6 59.Qf3+ Ke7 60.Qe3+ Kf6 
61.Bg2 hxg3+ 62.fxg3 Qb4 63.Qf3+ Kg7 64.b7 Qb2 65.h4 gxh4 66.Qg4+ Kh7 67.
Qxh4+ Kg7 68.Qg5+ Kh7 69.Qf5+ Kg7 70.Qg4+ Kh7 71.Qe4+ Kg7 72.Qg4+ 1/2-1/2

[Event "31st WCh U20 Girls"]
[Site "Kocaeli TUR"]
[Date "2013.09.16"]
[Round "4.2"]
[White "Aulia, Medina Warda"]
[Black "Wang Jue"]
[Result "1/2-1/2"]
[WhiteElo "2301"]
[BlackElo "2392"]
[EventDate "2013.09.13"]
[PlyCount "88"]

1.e4 c5 2.Nf3 d6 3.d4 cxd4 4.Nxd4 Nf6 5.Nc3 a6 6.Be2 e6 7.f4 Qc7 8.O-O Be7
9.Be3 Nc6 10.Kh1 O-O 11.Qe1 Nxd4 12.Bxd4 b5 13.a3 Bb7 14.Qg3 Rad8 15.Bf3 
Bc6 16.Rad1 Qb7 17.Rfe1 g6 18.b4 Rfe8 19.Rd3 Nd7 20.e5 dxe5 21.fxe5 Nb6 
22.Ne4 Bxe4 23.Bxe4 Qc7 24.Rf1 Nc4 25.c3 Bf8 26.Qf4 Bg7 27.Rh3 h5 28.g4 
hxg4 29.Qxg4 Nxe5 30.Qh4 Rxd4 31.cxd4 Qc4 32.Bg2 Nd7 33.Qh7+ Kf8 34.Rhf3 
f5 35.Qxg6 Qxd4 36.Rg3 Qf6 37.Bc6 Re7 38.Bxd7 Rxd7 39.Qh5 Qe5 40.Rc1 Rd8 
41.Qf3 Bh6 42.Rcg1 Ke7 43.Rg8 Rd7 44.Qa8 Qd5+ 1/2-1/2

[Event "31st WCh U20 Girls"]
[Site "Kocaeli TUR"]
[Date "2013.09.16"]
[Round "4.3"]
[White "Kashlinskaya, Alina"]
[Black "Abdumalik, Zhansaya"]
[Result "1-0"]
[WhiteElo "2434"]
[BlackElo "2277"]
[EventDate "2013.09.13"]
[PlyCount "129"]

1.d4 Nf6 2.c4 e6 3.Nc3 Bb4 4.e3 O-O 5.Bd3 d5 6.Nf3 c5 7.O-O Nc6 8.a3 Bxc3 
9.bxc3 dxc4 10.Bxc4 Qc7 11.Bd3 e5 12.Qc2 Re8 13.dxe5 Nxe5 14.Nxe5 Qxe5 15.
f3 Bd7 16.a4 Rad8 17.Re1 Bc6 18.Bc4 Rd6 19.e4 Nd5 20.Bd2 Nf4 21.Be3 h5 22.
Bf1 Red8 23.Rad1 Ne6 24.Rxd6 Rxd6 25.a5 b5 26.axb6 axb6 27.Bf2 Qg5 28.Rd1 
Qd8 29.Rxd6 Qxd6 30.Qb3 Be8 31.Qd5 Qxd5 32.exd5 Nc7 33.c4 f6 34.Bg3 Na6 
35.Bd3 g6 36.Kf2 Kf7 37.Bd6 Bd7 38.h4 Bc8 39.Bf4 Nb4 40.Be2 Na6 41.g4 Bd7 
42.Bd6 Ba4 43.Ke3 Bb3 44.Kd3 Ba4 45.gxh5 gxh5 46.f4 Kg6 47.f5+ Kxf5 48.
Bxh5 b5 49.Bf7 Kg4 50.h5 Kg5 51.Ke3 Kh6 52.Be8 Nb4 53.Bxc5 bxc4 54.Bf8+ 
Kg5 55.h6 Nxd5+ 56.Kd4 Bc2 57.Kxd5 c3 58.Kd4 Bh7 59.Kxc3 Bg8 60.Kd4 Bh7 
61.Bg7 Bg8 62.Ke3 f5 63.Bf7 Bh7 64.Kf3 f4 65.Bd5 1-0

[Event "31st WCh U20 Girls"]
[Site "Kocaeli TUR"]
[Date "2013.09.16"]
[Round "4.4"]
[White "Rodriguez Rueda, Paula Andrea"]
[Black "Cori Tello, Deysi"]
[Result "1/2-1/2"]
[WhiteElo "2225"]
[BlackElo "2433"]
[EventDate "2013.09.13"]
[PlyCount "61"]

1.d4 Nf6 2.c4 g6 3.Nc3 d5 4.cxd5 Nxd5 5.e4 Nxc3 6.bxc3 Bg7 7.Bc4 c5 8.Ne2 
Nc6 9.Be3 O-O 10.O-O Qc7 11.Rc1 b6 12.Qd2 Bb7 13.Bh6 Rad8 14.Bxg7 Kxg7 15.
Rfd1 e6 16.h4 Qe7 17.Qg5 Qxg5 18.hxg5 h6 19.gxh6+ Kxh6 20.f3 Kg7 21.Kf2 
Rh8 22.Bb5 Na5 23.Rh1 Rxh1 24.Rxh1 a6 25.Bd3 b5 26.Ke3 Rc8 27.Rc1 Nc6 28.
Rb1 Rc7 29.a4 bxa4 30.Ra1 cxd4+ 31.cxd4 1/2-1/2

[Event "31st WCh U20 Girls"]
[Site "Kocaeli TUR"]
[Date "2013.09.16"]
[Round "4.5"]
[White "Bulmaga, Irina"]
[Black "Nguyen Thi Mai Hung"]
[Result "1-0"]
[WhiteElo "2387"]
[BlackElo "2222"]
[EventDate "2013.09.13"]
[PlyCount "109"]

1.e4 c5 2.Nf3 g6 3.c3 Bg7 4.d4 cxd4 5.cxd4 d5 6.e5 Bg4 7.Bb5+ Nd7 8.Nbd2 
a6 9.Bd3 e6 10.h3 Bxf3 11.Nxf3 Ne7 12.O-O Nc6 13.Be3 O-O 14.Qd2 Qa5 15.Qe2
Nb4 16.Bb1 Rfc8 17.a3 Nc6 18.Bd3 Qd8 19.h4 Nb6 20.Bg5 Qf8 21.h5 Nc4 22.g3 
b5 23.Kg2 h6 24.hxg6 fxg6 25.Bxg6 hxg5 26.Nxg5 Nd8 27.Qh5 Qe7 28.Rh1 Ra7 
29.Rh4 Nxe5 30.Qh7+ Kf8 31.Rf4+ Nef7 32.Nxf7 Nxf7 33.Bxf7 Qxf7 34.Rxf7+ 
Rxf7 35.Re1 Rc6 36.Qh4 Bf6 37.Qh6+ Ke7 38.Qe3 Kd7 39.Re2 Rg7 40.f3 Re7 41.
f4 Rc4 42.Rd2 b4 43.axb4 Rxb4 44.Qa3 Rb6 45.Qa4+ Kd8 46.g4 Reb7 47.g5 Bg7 
48.Qa5 Ke7 49.f5 exf5 50.Re2+ Kf7 51.Qxd5+ Kg6 52.Kf3 Rxb2 53.Kf4 Bf8 54.
Qg8+ Bg7 55.Re6+ 1-0

[Event "31st WCh U20 Girls"]
[Site "Kocaeli TUR"]
[Date "2013.09.16"]
[Round "4.6"]
[White "Saduakasova, Dinara"]
[Black "Stetsko, Lanita"]
[Result "1-0"]
[WhiteElo "2326"]
[BlackElo "2213"]
[EventDate "2013.09.13"]
[PlyCount "67"]

1.e4 e5 2.Nf3 Nc6 3.Bb5 a6 4.Ba4 Nf6 5.O-O Be7 6.d3 b5 7.Bb3 d6 8.a4 Bd7 
9.Nc3 Na5 10.Ba2 b4 11.Ne2 Rb8 12.Ng3 O-O 13.d4 exd4 14.Nxd4 g6 15.Nf3 c5 
16.e5 dxe5 17.Nxe5 b3 18.Bxb3 Nxb3 19.cxb3 Be6 20.Nc6 Qc7 21.Nxb8 Rxb8 22.
Qe2 Qc6 23.Bg5 Rxb3 24.Rfc1 Kg7 25.Ne4 Nxe4 26.Bxe7 c4 27.a5 Qb7 28.Rc2 
Qd5 29.f3 Qd4+ 30.Kh1 Re3 31.Qf1 Nd2 32.Rxd2 Qxd2 33.Bg5 h5 34.Qg1 1-0

[Event "31st WCh U20 Girls"]
[Site "Kocaeli TUR"]
[Date "2013.09.16"]
[Round "4.7"]
[White "Monnisha, Gajendra Babu Kannaiyan"]
[Black "Khademalsharieh, Sarasadat"]
[Result "1-0"]
[WhiteElo "2094"]
[BlackElo "2303"]
[EventDate "2013.09.13"]
[PlyCount "57"]

1.e4 e5 2.Nf3 Nc6 3.Bb5 a6 4.Ba4 Nf6 5.O-O b5 6.Bb3 Bc5 7.c3 d6 8.a4 Bb7 
9.d4 Bb6 10.Re1 O-O 11.axb5 axb5 12.Rxa8 Bxa8 13.Na3 Na7 14.Qd3 h6 15.h3 
Qe8 16.d5 c6 17.c4 Bc5 18.dxc6 b4 19.Nb5 Qxc6 20.Nxa7 Bxa7 21.Bc2 Nd7 22.
Nh4 f5 23.exf5 Bd4 24.Qg3 d5 25.Ng6 Rf7 26.Bxh6 dxc4 27.Be4 Qd6 28.Bxa8 
gxh6 29.Bd5 1-0

[Event "31st WCh U20 Girls"]
[Site "Kocaeli TUR"]
[Date "2013.09.16"]
[Round "4.8"]
[White "Juhasz, Barbara"]
[Black "Arabidze, Meri"]
[Result "0-1"]
[WhiteElo "2169"]
[BlackElo "2379"]
[EventDate "2013.09.13"]
[PlyCount "80"]

1.e4 c6 2.d4 d5 3.Nc3 dxe4 4.Nxe4 Bf5 5.Ng3 Bg6 6.Bc4 e6 7.N1e2 Bb4+ 8.c3 
Bd6 9.h4 h6 10.Nf4 Bxf4 11.Bxf4 Nf6 12.h5 Bh7 13.O-O O-O 14.Bb3 a5 15.c4 
b5 16.cxb5 cxb5 17.a3 a4 18.Ba2 Nc6 19.Be5 Rc8 20.Rc1 Nxe5 21.Rxc8 Nf3+ 
22.Qxf3 Qxc8 23.d5 exd5 24.Bxd5 Qc2 25.Bc6 Qxb2 26.Re1 Rd8 27.Qe3 Bd3 28.
Qc5 Rc8 29.f3 b4 30.Qe3 Bc2 31.Bb7 Re8 32.Ne4 Bxe4 33.Bxe4 Nxe4 34.fxe4 
bxa3 35.Qa7 Qb3 36.Qd7 Rb8 37.Rf1 a2 38.e5 Qb6+ 39.Kh1 Qb1 40.Qxf7+ Kh8 
0-1

[Event "31st WCh U20 Girls"]
[Site "Kocaeli TUR"]
[Date "2013.09.16"]
[Round "4.9"]
[White "Furtado, Ivana Maria"]
[Black "Padmini, Rout"]
[Result "0-1"]
[WhiteElo "2134"]
[BlackElo "2312"]
[EventDate "2013.09.13"]
[PlyCount "106"]

1.d4 Nf6 2.Nf3 g6 3.g3 Bg7 4.Bg2 O-O 5.O-O d6 6.c4 Nc6 7.Nc3 a6 8.Bf4 h6 
9.d5 Na5 10.Qd3 e5 11.Bc1 e4 12.Nxe4 Nxe4 13.Qxe4 Bf5 14.Qf4 Re8 15.Nh4 
Bd7 16.Qd2 Nxc4 17.Qc2 Nb6 18.Be3 g5 19.Bxb6 cxb6 20.Nf3 Rc8 21.Qd2 Qf6 
22.e3 Qxb2 23.Qxb2 Bxb2 24.Rab1 Rc2 25.Ne1 Rd2 26.Nf3 Rc2 27.Ne1 Rd2 28.
Nf3 Re2 29.Rfd1 Bf5 30.Kf1 Bxb1 31.Rxb1 Rc2 32.Ne1 Rd2 33.Nf3 Rc2 34.Ne1 
Rec8 35.Nxc2 Rxc2 36.Be4 Rd2 37.Bf5 b5 38.Bc8 b4 39.Bxb7 a5 40.Ba6 Bc3 41.
Bc4 a4 42.Rc1 Kf8 43.Re1 b3 44.axb3 a3 45.b4 a2 46.Bxa2 Rxa2 47.Rb1 Ke7 
48.Rb3 Bf6 49.h3 Kd7 50.Kg2 Rd2 51.e4 Bd4 52.Rf3 f6 53.h4 Re2 0-1

[Event "31st WCh U20 Girls"]
[Site "Kocaeli TUR"]
[Date "2013.09.16"]
[Round "4.10"]
[White "Xiao Yiyi"]
[Black "Sihite, Chelsie Monica"]
[Result "1/2-1/2"]
[WhiteElo "2163"]
[BlackElo "2282"]
[EventDate "2013.09.13"]
[PlyCount "78"]

1.d4 Nf6 2.c4 e6 3.g3 d5 4.Bg2 dxc4 5.Nf3 c5 6.Qa4+ Bd7 7.Qxc4 b5 8.Qc2 
Bc6 9.O-O cxd4 10.Rd1 Be4 11.Qb3 Nc6 12.Nc3 Qb6 13.Nxb5 Bc5 14.Bf4 O-O 15.
Bc7 Qa6 16.Qc4 Nd7 17.Nd6 Qxc4 18.Nxc4 Bd5 19.Rac1 Rfc8 20.Bf4 f6 21.e3 d3
22.Rxd3 Nb4 23.Rdd1 Nxa2 24.Ra1 Nf8 25.Nfd2 Nb4 26.Bd6 Bxd6 27.Nxd6 Rc2 
28.e4 Bc6 29.N2c4 Rd8 30.Rac1 Rxc1 31.Rxc1 Nd3 32.Rc2 Ba4 33.Rd2 Bb3 34.
Na5 Nc5 35.e5 Ng6 36.exf6 gxf6 37.Nxb3 Nxb3 38.Rd3 Nc5 39.Rd2 Nb3 1/2-1/2

[Event "31st WCh U20 Girls"]
[Site "Kocaeli TUR"]
[Date "2013.09.16"]
[Round "4.11"]
[White "Petrova, Irina"]
[Black "Vo Thi Kim Phung"]
[Result "1-0"]
[WhiteElo "2117"]
[BlackElo "2219"]
[EventDate "2013.09.13"]
[PlyCount "153"]

1.d4 Nf6 2.c4 e6 3.Nc3 Bb4 4.e3 c5 5.Bd3 Nc6 6.Nf3 Bxc3+ 7.bxc3 d6 8.O-O 
h6 9.Qc2 O-O 10.Nd2 e5 11.d5 Na5 12.h3 Re8 13.f4 exf4 14.exf4 b6 15.Nb3 
Ba6 16.Nxa5 bxa5 17.f5 Qd7 18.Bf4 Rab8 19.Qf2 Nxd5 20.Bxh6 f6 21.Qf3 gxh6 
22.cxd5 c4 23.Bxc4 Bxc4 24.Qg4+ Qg7 25.Qxc4 Rb2 26.Rf2 Rxf2 27.Kxf2 h5 28.
Re1 Rxe1 29.Kxe1 Qxg2 30.Qc8+ Kg7 31.Qd7+ Kh6 32.Qxd6 Qg1+ 33.Ke2 Qg2+ 34.
Kd1 Qf1+ 35.Kd2 Qf2+ 36.Kc1 Qxf5 37.Qf8+ Kg5 38.d6 Qf4+ 39.Kc2 Qa4+ 40.Kb2
Qb5+ 41.Kc2 Qa4+ 42.Kd3 Qd1+ 43.Kc4 Qe2+ 44.Kc5 Qe5+ 45.Kc6 Qxc3+ 46.Kb7 
Qb4+ 47.Kxa7 Qc5+ 48.Ka6 Qc4+ 49.Kb6 Qb4+ 50.Kc7 Qc5+ 51.Kd8 Kf5 52.Qe7 
Qb4 53.Ke8 Qc4 54.Qh7+ Kg5 55.d7 Qb5 56.Kf8 Qb8+ 57.Kf7 Kf4 58.Qh6+ Kg3 
59.Qg6+ Kh2 60.Qxf6 Qb7 61.Qe5+ Kxh3 62.Ke8 Qc6 63.Qxh5+ Kg3 64.Qe5+ Kh3 
65.Ke7 Qb7 66.a3 a4 67.Qe6+ Kg2 68.Ke8 Qb5 69.Kf7 Qb7 70.Kg8 Qb8+ 71.Kg7 
Qb2+ 72.Kh7 Qb7 73.Qg6+ Kh1 74.Qh6+ Kg1 75.Qg7+ Kf1 76.d8=Q Qh1+ 77.Kg8 
1-0

[Event "31st WCh U20 Girls"]
[Site "Kocaeli TUR"]
[Date "2013.09.16"]
[Round "4.12"]
[White "Kurbonboeva, Sarvinoz"]
[Black "Pavlidou, Ekaterini"]
[Result "1/2-1/2"]
[WhiteElo "2120"]
[BlackElo "2216"]
[EventDate "2013.09.13"]
[PlyCount "124"]

1.d4 Nf6 2.c4 e6 3.Nf3 Bb4+ 4.Bd2 Qe7 5.a3 Bxd2+ 6.Qxd2 O-O 7.Nc3 d6 8.e4 
e5 9.dxe5 dxe5 10.Be2 c6 11.O-O Rd8 12.Qg5 Nbd7 13.Rad1 Re8 14.b4 Nf8 15.
Nh4 h6 16.Qg3 a5 17.b5 Qxa3 18.bxc6 bxc6 19.Nd5 Qxg3 20.Nxf6+ gxf6 21.fxg3
Ne6 22.Rxf6 Kg7 23.Rdf1 Nf4 24.Rxf7+ Kxf7 25.Bh5+ Ke7 26.Bxe8 Ne2+ 27.Kf2 
Nd4 28.Bh5 a4 29.Nf3 Be6 30.Ke3 Bxc4 31.Rc1 Nxf3 32.Bxf3 a3 33.Be2 a2 34.
Ra1 Ra3+ 35.Kd2 Bxe2 36.Kxe2 Kd6 37.Kd2 Kc5 38.Kc2 Kd4 39.Kb2 Ra7 40.Rd1+ 
Kxe4 41.Ka1 c5 42.Re1+ Kd5 43.Rd1+ Ke6 44.Rc1 Ra5 45.g4 e4 46.h4 Ke5 47.g5
hxg5 48.h5 g4 49.h6 Ra8 50.Rxc5+ Kf4 51.Rc7 Kg3 52.Re7 Kxg2 53.Rxe4 g3 54.
h7 Rh8 55.Rh4 Kf3 56.Rh6 Kf4 57.Kxa2 g2 58.Rg6 Kf3 59.Rf6+ Ke2 60.Rg6 Kf1 
61.Rf6+ Kg1 62.Rh6 Kf1 1/2-1/2

[Event "31st WCh U20 Girls"]
[Site "Kocaeli TUR"]
[Date "2013.09.16"]
[Round "4.14"]
[White "Karabaeva, Zhanna"]
[Black "Bezgodova, Maria"]
[Result "1/2-1/2"]
[WhiteElo "2029"]
[BlackElo "2172"]
[EventDate "2013.09.13"]
[PlyCount "69"]

1.e4 e5 2.Nf3 Nc6 3.Bb5 a6 4.Ba4 Nf6 5.d3 d6 6.c3 Be7 7.O-O O-O 8.Re1 Nd7 
9.Nbd2 Nb6 10.Bb3 Kh8 11.h3 f5 12.exf5 Bxf5 13.Ne4 Qd7 14.Ng3 Bg6 15.d4 
exd4 16.Be6 Qd8 17.Nxd4 Nxd4 18.Qxd4 Bg5 19.Bxg5 Qxg5 20.Re3 Rf4 21.Qd2 
Raf8 22.Rae1 R4f6 23.R1e2 Qc5 24.Ne4 Bxe4 25.Rxe4 d5 26.Re5 c6 27.b3 Qd6 
28.Bg4 R6f7 29.Qe3 Nd7 30.Bxd7 Qxd7 31.f3 Kg8 32.h4 Qd6 33.h5 h6 34.Re6 
Qf4 35.Qxf4 1/2-1/2

[Event "31st WCh U20 Girls"]
[Site "Kocaeli TUR"]
[Date "2013.09.16"]
[Round "4.15"]
[White "Imeeva, Aisa"]
[Black "Hejazipour, Mitra"]
[Result "1/2-1/2"]
[WhiteElo "2067"]
[BlackElo "2256"]
[EventDate "2013.09.13"]
[PlyCount "98"]

1.e4 c5 2.Nf3 e6 3.d4 cxd4 4.Nxd4 a6 5.Nc3 Qc7 6.Be2 Nf6 7.O-O d6 8.Be3 b5
9.a3 Bb7 10.Bd3 Nbd7 11.f4 Be7 12.Qf3 O-O 13.Rae1 Nc5 14.Bf2 d5 15.e5 Nfe4
16.Bxe4 Nxe4 17.Nxe4 dxe4 18.Qg3 Bc5 19.f5 Rfe8 20.f6 g6 21.Qg5 Bf8 22.Re3
Rad8 23.c3 Qb8 24.Rh3 Rd5 25.Bg3 Qc7 26.Qh4 h6 27.Bf4 h5 28.Qg5 e3 29.Rxe3
Qc5 30.Rh3 Rxd4 31.cxd4 Qxd4+ 32.Be3 Qxb2 33.Bf2 Kh7 34.Qe3 Rd8 35.g4 Bh6 
36.Qb6 Rd7 37.gxh5 Qxe5 38.hxg6+ Kxg6 39.Be3 Bxe3+ 40.Qxe3 Qxe3+ 41.Rxe3 
Rd5 42.Rc3 Rg5+ 43.Rg3 Be4 44.Kf2 Kxf6 45.Ke3+ Bf5 46.Rxg5 Kxg5 47.Rg1+ 
Kf6 48.Rg8 a5 49.Rb8 Ke5 1/2-1/2

[Event "31st WCh U20 Girls"]
[Site "Kocaeli TUR"]
[Date "2013.09.16"]
[Round "4.16"]
[White "Stiazhkina, Anna"]
[Black "Miladinovic, Lena"]
[Result "0-1"]
[WhiteElo "2244"]
[BlackElo "2080"]
[EventDate "2013.09.13"]
[PlyCount "132"]

1.e4 c5 2.Nc3 Nc6 3.Bb5 Nd4 4.Bc4 e6 5.Nf3 Nf6 6.O-O a6 7.d3 d5 8.Bb3 Nxb3
9.axb3 Be7 10.Qe2 O-O 11.h3 b6 12.e5 Nd7 13.Nh2 f5 14.f4 Bb7 15.g4 d4 16.
Nd1 g6 17.Bd2 Qc7 18.Nf3 Qc6 19.Qh2 Rf7 20.Be1 Raf8 21.g5 Rc8 22.h4 Rg7 
23.c3 Qd5 24.c4 Qc6 25.Nd2 Kf7 26.Kf2 Rgg8 27.Ke2 Rb8 28.Nf3 Rg7 29.h5 Nf8
30.Bd2 b5 31.Qh3 Ba8 32.Ra2 bxc4 33.bxc4 Rb3 34.Nf2 Nd7 35.Rfa1 Nb6 36.
Rxa6 Bb7 37.R6a3 Rxb2 38.Ne1 Nd7 39.Nd1 Rb6 40.Nf3 Rg8 41.Nh4 Nf8 42.Nf2 
Rb2 43.R1a2 Qb6 44.Nd1 Rxa2 45.Rxa2 Qc6 46.Rb2 Qa6 47.Nf2 Bc6 48.Qf1 Nd7 
49.Nh1 Nb6 50.Ng3 Nxc4 51.dxc4 Qa3 52.hxg6+ hxg6 53.Ngxf5 exf5 54.Rb6 Be4 
55.Qd1 Qd3+ 56.Kf2 Rh8 57.Rb3 Qxc4 58.Nf3 Bc2 59.e6+ Kg7 60.Rc3 Qxc3 61.
Qe1 Qc4 62.Qe5+ Kh7 63.Nh4 Qd3 64.Nxg6 Qxd2+ 65.Kf1 Bd3+ 66.Kg1 Qe3+ 0-1

[Event "31st WCh U20 Girls"]
[Site "Kocaeli TUR"]
[Date "2013.09.16"]
[Round "4.17"]
[White "Iwanow, Anna"]
[Black "Sviridova, Vlada"]
[Result "1/2-1/2"]
[WhiteElo "2210"]
[BlackElo "2063"]
[EventDate "2013.09.13"]
[PlyCount "111"]

1.e4 c5 2.Nc3 e6 3.g3 Nc6 4.Bg2 Nf6 5.Nge2 d5 6.exd5 exd5 7.d3 d4 8.Ne4 
Be7 9.Nf4 O-O 10.O-O a5 11.Re1 a4 12.a3 Ra6 13.Bd2 Bf5 14.Nxf6+ Bxf6 15.
Nd5 Be6 16.Qh5 Bxd5 17.Bxd5 g6 18.Qf3 Ne5 19.Qe4 Qd7 20.Rad1 b5 21.Ba2 Qc6
22.Kg2 c4 23.Bf4 Nd7 24.Bh6 Rd8 25.dxc4 bxc4 26.Rd2 Qxe4+ 27.Rxe4 Rc6 28.
Rde2 Nf8 29.Rd2 Ne6 30.c3 dxc3 31.Rxd8+ Bxd8 32.bxc3 Be7 33.Bxc4 Bxa3 34.
Bxe6 fxe6 35.Rxa4 Rxc3 36.Ra8+ Kf7 37.Ra7+ Kg8 38.Ra8+ Kf7 39.Rh8 Rc2 40.
Rxh7+ Kf6 41.h4 Bc1 42.Bg7+ Kf5 43.Bh8 g5 44.hxg5 Bxg5 45.Kf3 e5 46.g4+ 
Ke6 47.Ra7 Bh4 48.Ra6+ Kf7 49.Bxe5 Rxf2+ 50.Ke3 Rg2 51.Kf3 Rf2+ 52.Ke4 Bg5
53.Ra7+ Ke6 54.Ra6+ Kf7 55.Ra7+ Ke6 56.Ra6+ 1/2-1/2

[Event "31st WCh U20 Girls"]
[Site "Kocaeli TUR"]
[Date "2013.09.16"]
[Round "4.18"]
[White "Ibrahimova, Sabina"]
[Black "Nasriddinzoda, Marvorii"]
[Result "1-0"]
[WhiteElo "2202"]
[BlackElo "2032"]
[EventDate "2013.09.13"]
[PlyCount "79"]

1.e4 d6 2.d4 Nf6 3.Nc3 e5 4.Nge2 Nbd7 5.g3 g6 6.Bg2 Bg7 7.O-O O-O 8.a4 a6 
9.h3 Rb8 10.a5 exd4 11.Nxd4 Nc5 12.Ra3 Re8 13.Re1 Bd7 14.b4 Ne6 15.Be3 
Nxd4 16.Bxd4 Qc8 17.Qf3 Qd8 18.Qd1 Qc8 19.Kh2 Bc6 20.Kg1 Qe6 21.Re3 Rbd8 
22.Nd5 Bxd5 23.exd5 Qd7 24.Qa1 Nh5 25.g4 Bxd4 26.Qxd4 Ng7 27.c4 Rxe3 28.
Rxe3 Re8 29.c5 dxc5 30.bxc5 c6 31.Rxe8+ Nxe8 32.Qe5 h6 33.d6 Ng7 34.Bf1 
Qe6 35.Qd4 Qd5 36.Qxd5 cxd5 37.Bxa6 Ne6 38.Bxb7 Nxc5 39.a6 Nxa6 40.d7 1-0

[Event "31st WCh U20 Girls"]
[Site "Kocaeli TUR"]
[Date "2013.09.16"]
[Round "4.19"]
[White "Racki, Barbara"]
[Black "Pujari, Rucha"]
[Result "0-1"]
[WhiteElo "1946"]
[BlackElo "2154"]
[EventDate "2013.09.13"]
[PlyCount "112"]

1.e4 d6 2.d4 Nf6 3.Nc3 g6 4.g3 Bg7 5.Bg2 O-O 6.Nge2 Nbd7 7.O-O c5 8.h3 Rb8
9.Be3 b6 10.Qd2 Bb7 11.Bh6 b5 12.Bxg7 Kxg7 13.d5 b4 14.Nd1 Nb6 15.Ne3 Ba6 
16.a3 Na4 17.axb4 Rxb4 18.c4 Qd7 19.b3 Rxb3 20.Qa5 Bxc4 21.Nxc4 Rb4 22.Nd2
Rfb8 23.Rfb1 R8b5 24.Qa6 Rb6 25.Qd3 Qb7 26.Rxb4 Rxb4 27.Kh2 Nd7 28.f4 f6 
29.Ra2 a5 30.Qc2 Ndb6 31.Nc1 c4 32.Ne2 Qc7 33.Nd4 Kf7 34.Nc6 Rb5 35.Nxc4 
Rc5 36.Bf1 Nxc4 37.Qxa4 Ne3 38.Bd3 Qb6 39.Qd4 Rxc6 40.Qxb6 Rxb6 41.Rxa5 
Rb2+ 42.Kh1 Nd1 43.Ba6 Nf2+ 44.Kg2 Nxe4+ 45.Kf3 f5 46.Rb5 Ra2 47.Bc8 Ra3+ 
48.Kg2 Rxg3+ 49.Kh2 Rf3 50.Be6+ Kf6 51.Rb8 Rxf4 52.Rf8+ Kg5 53.Re8 Rf2+ 
54.Kg1 Kf4 55.Rxe7 Kg3 56.Bg8 Ng5 0-1

[Event "31st WCh U20 Girls"]
[Site "Kocaeli TUR"]
[Date "2013.09.16"]
[Round "4.20"]
[White "Gevorgian, Maria"]
[Black "Krumova, Ani"]
[Result "1/2-1/2"]
[WhiteElo "2143"]
[BlackElo "1993"]
[EventDate "2013.09.13"]
[PlyCount "128"]

1.e4 c5 2.Nf3 Nc6 3.Bb5 Nf6 4.Nc3 g6 5.e5 Ng4 6.Bxc6 dxc6 7.O-O Bg7 8.Re1 
O-O 9.h3 Nh6 10.d3 Nf5 11.Bf4 b6 12.Qd2 Nd4 13.Nh2 Bf5 14.b3 Qd7 15.Rac1 
Rad8 16.Bh6 Qc7 17.Bxg7 Kxg7 18.Qf4 Qc8 19.Re3 h5 20.Ne4 Bxe4 21.dxe4 Qa6 
22.Qh4 Ne2+ 23.Rxe2 Qxe2 24.Qxe7 Rd1+ 25.Rxd1 Qxd1+ 26.Nf1 Qd8 27.Qxa7 Re8
28.Qb7 Rxe5 29.Qxc6 Re6 30.Qd5 Qe7 31.Ne3 Rxe4 32.a4 Rd4 33.Qc6 Qf6 34.
Qxf6+ Kxf6 35.Kf1 Ke5 36.Ke2 Kd6 37.c3 Re4 38.Kf3 Re6 39.h4 Kc6 40.c4 f6 
41.Kf4 Re5 42.g3 Kb7 43.f3 Re6 44.Nd5 Re2 45.Nxf6 Rb2 46.Nd7 Rxb3 47.a5 
Rb4 48.Nxb6 Ka6 49.Kg5 Kxa5 50.Nd7 Rxc4 51.Kxg6 Rc3 52.Kxh5 Rxf3 53.Kg4 
Rc3 54.h5 c4 55.Ne5 Rc1 56.Nxc4+ Rxc4+ 57.Kg5 Rc5+ 58.Kh4 Kb6 59.g4 Kc6 
60.h6 Kd6 61.h7 Rc1 62.Kg5 Rh1 63.Kg6 Ke5 64.g5 Kf4 1/2-1/2

[Event "31st WCh U20 Girls"]
[Site "Kocaeli TUR"]
[Date "2013.09.16"]
[Round "4.21"]
[White "Armas, Lena"]
[Black "Martinez, Ayelen"]
[Result "0-1"]
[WhiteElo "1920"]
[BlackElo "2101"]
[EventDate "2013.09.13"]
[PlyCount "52"]

1.e4 c5 2.Nc3 a6 3.g4 b5 4.Bg2 Bb7 5.d3 e6 6.Nh3 d6 7.O-O Nc6 8.Re1 Be7 9.
g5 h6 10.g6 Nf6 11.gxf7+ Kxf7 12.f4 g6 13.e5 Nh5 14.exd6 Qxd6 15.Ne4 Qd7 
16.Be3 Nd4 17.c3 Nf5 18.Bxc5 Bxe4 19.Bxe4 Bxc5+ 20.d4 Ba7 21.Bxa8 Rxa8 22.
Qf3 Rc8 23.Nf2 Nf6 24.Nd3 Qd5 25.Ne5+ Kg7 26.Qe2 Nxd4 0-1

[Event "31st WCh U20 Girls"]
[Site "Kocaeli TUR"]
[Date "2013.09.16"]
[Round "4.22"]
[White "Alev, Gonulden Seda"]
[Black "Saranya, J."]
[Result "0-1"]
[WhiteElo "1632"]
[BlackElo "2094"]
[EventDate "2013.09.13"]
[PlyCount "66"]

1.e4 c5 2.Nf3 d6 3.d4 cxd4 4.Nxd4 Nf6 5.Nc3 a6 6.Bc4 e6 7.f3 b5 8.Bb3 Nbd7
9.Be3 Nc5 10.Qd2 Bd7 11.g4 Be7 12.h4 b4 13.Nce2 Ncxe4 14.Qd3 Nc5 15.Qd1 e5
16.Nf5 Bxf5 17.gxf5 Qd7 18.Bxc5 dxc5 19.Qxd7+ Nxd7 20.Bd5 Ra7 21.O-O-O O-O
22.Ng3 Nb6 23.Be4 a5 24.Nh5 g6 25.fxg6 hxg6 26.Rdg1 Kh8 27.Bxg6 fxg6 28.
Rxg6 Nd5 29.Rhg1 Bf6 30.Rd1 Kh7 31.Rg4 Ne3 32.Rd6 Nxg4 33.fxg4 Bxh4 0-1

[Event "31st WCh U20 Girls"]
[Site "Kocaeli TUR"]
[Date "2013.09.16"]
[Round "4.23"]
[White "Kuchava, Ana"]
[Black "Shristi Shetty, J."]
[Result "1-0"]
[WhiteElo "2092"]
[BlackElo "1909"]
[EventDate "2013.09.13"]
[PlyCount "87"]

1.d4 Nf6 2.Nf3 c5 3.d5 e6 4.c4 exd5 5.cxd5 d6 6.Nc3 g6 7.Qa4+ Bd7 8.Qb3 
Na6 9.e4 Rb8 10.Bg5 Nc7 11.e5 dxe5 12.d6 Ne6 13.Nxe5 Nxg5 14.O-O-O Bg7 15.
h4 Ne6 16.h5 Nxh5 17.Nxd7 Qg5+ 18.Kb1 Nd4 19.Rxd4 cxd4 20.Ne4 Qa5 21.Nxb8 
Qe1+ 22.Kc2 O-O 23.Qxb7 d3+ 24.Bxd3 Qxh1 25.Nd7 Re8 26.g4 Qh2 27.gxh5 Qf4 
28.Qc6 Rd8 29.Qc7 Re8 30.hxg6 hxg6 31.Qc6 Rd8 32.Ndc5 Qe5 33.Qb5 Bf8 34.
Nb7 Rc8+ 35.Nc3 Bxd6 36.Qd7 Rc7 37.Qxd6 Qxd6 38.Nxd6 Rd7 39.Nde4 Kg7 40.b4
f5 41.Nc5 Re7 42.a4 Kh6 43.a5 f4 44.Be4 1-0

[Event "31st WCh U20 Girls"]
[Site "Kocaeli TUR"]
[Date "2013.09.16"]
[Round "4.24"]
[White "Soylemez, Cansu"]
[Black "Enkhtuul, Altanulzii"]
[Result "0-1"]
[WhiteElo "1905"]
[BlackElo "2202"]
[EventDate "2013.09.13"]
[PlyCount "124"]

1.d4 Nf6 2.c4 e6 3.Nf3 Bb4+ 4.Nbd2 O-O 5.e3 b6 6.Bd3 Bb7 7.O-O Bxd2 8.Bxd2
Ne4 9.Bb4 d6 10.Nd2 Nxd2 11.Bxd2 Nd7 12.Qe2 e5 13.d5 f5 14.f4 e4 15.Bc2 
Nf6 16.h3 Qd7 17.Kh1 Ba6 18.b3 Nxd5 19.g4 Rae8 20.Qh2 Ne7 21.Rg1 b5 22.Qg2
bxc4 23.gxf5 Nxf5 24.Bxe4 Nxe3 25.Bxe3 Rxe4 26.Qg3 Re6 27.Rae1 Rg6 28.Qh4 
Rff6 29.Rxg6 Rxg6 30.Kh2 Bb7 31.Rg1 Qc6 32.Qf2 c3 33.Rxg6 hxg6 34.Kg3 c2 
35.Bc1 a6 36.f5 g5 37.Qe2 Bc8 38.Kg4 d5 39.Qe7 d4 40.Qd8+ Kh7 41.Qxg5 Qe4+
42.Kg3 Bxf5 43.Qh4+ Qxh4+ 44.Kxh4 Kg6 45.Kg3 c5 46.h4 Kf6 47.Kf4 g6 48.Bd2
Bd3 49.Bc1 Ke6 50.Kf3 Kd5 51.Kf2 c4 52.bxc4+ Bxc4 53.a3 Bb5 54.Ke1 Kc4 55.
Kd2 Kb3 56.Ke1 Kc3 57.Kf2 d3 58.Ke3 d2 59.Bxd2+ Kb2 60.Kd4 c1=Q 61.Bxc1+ 
Kxc1 62.Kc5 Kd2 0-1

[Event "31st WCh U20 Girls"]
[Site "Kocaeli TUR"]
[Date "2013.09.16"]
[Round "4.25"]
[White "Derakhshani, Dorsa"]
[Black "Urbonaviciute, Zivile"]
[Result "1-0"]
[WhiteElo "2078"]
[BlackElo "1826"]
[EventDate "2013.09.13"]
[PlyCount "59"]

1.e4 c5 2.Nf3 e6 3.d4 cxd4 4.Nxd4 a6 5.Nc3 Ne7 6.Bg5 Qc7 7.Ndb5 axb5 8.
Nxb5 Qa5+ 9.Bd2 Qb6 10.Be3 Qa5+ 11.b4 Qxb4+ 12.c3 Qa5 13.Nd6+ Kd8 14.Qb3 
Nd5 15.exd5 Bxd6 16.Bb6+ Ke7 17.Bxa5 Rxa5 18.Bc4 Ra3 19.Qb2 Na6 20.O-O Ra4
21.Bb3 Rh4 22.g3 Rg4 23.dxe6 dxe6 24.Bd1 Rc4 25.Be2 Rc7 26.Rad1 Bc5 27.Qd2
f6 28.Rfe1 e5 29.Bc4 Bg4 30.Rxe5+ 1-0

[Event "31st WCh U20 Girls"]
[Site "Kocaeli TUR"]
[Date "2013.09.16"]
[Round "4.26"]
[White "Liu Hongyan"]
[Black "Anjana Krishna, S."]
[Result "0-1"]
[WhiteElo "2065"]
[BlackElo "1881"]
[EventDate "2013.09.13"]
[PlyCount "72"]

1.d4 d5 2.Nf3 Nf6 3.g3 e6 4.Bg2 Be7 5.O-O O-O 6.c4 c6 7.Nc3 Nbd7 8.cxd5 
exd5 9.a3 Nb6 10.Ne5 Bf5 11.Bf4 Ne4 12.Nxe4 dxe4 13.g4 Be6 14.Bxe4 f6 15.
Nf3 Bxg4 16.Qb3+ Kh8 17.Rad1 Bd6 18.Bg3 f5 19.Bb1 Nd5 20.Be5 Bxe5 21.dxe5 
Qe8 22.Kh1 Qh5 23.Nd4 Rae8 24.f3 Bh3 25.Rg1 Re7 26.Ba2 f4 27.Rc1 Qxe5 28.
Qd3 Nf6 29.Bb1 Rd7 30.Rcd1 c5 31.Qb5 a6 32.Qa5 Rxd4 33.Rxd4 Qxd4 34.Qc7 
Ng4 35.fxg4 Qd5+ 36.e4 fxe3+ 0-1